000 00593nam a2200157 a 4500
005 20140412111222.0
008 020530s19uu xx 00 eng d
050 _aTR(GS 372.4
_bA35 1987
100 _aAmerikaner, Susan
245 _aReading, bk. 2 :
_bto develop your child's gift and talents /
_cwritten by Susan Amerikaner ; edited by Amy C. Sheilds ; illustrated by Leesa Whitten.
260 _aNew York :
_bPlaymore, Inc.
440 _aGifted & Talented Workbooks, ages 4-6
650 _aReading
_xStudy and teaching
650 _aReading, ages 4-6
_xStudy and teaching
999 _c101942
_d101942